[Event "American Continental"]
[Site "Buenos Aires ARG"]
[Date "2005.08.08"]
[Round "3"]
[White "Molina,Jo"]
[Black "Bustamante,O"]
[Result "1-0"]
[WhiteElo "2195"]
[BlackElo "2141"]
[EventDate "2005.08.06"]

1. Nf3 d5 2. d4 c5 3. e3 e6 4. Nbd2 Nf6 5. c3 Nc6 6. Bd3 Bd6 7. O-O e5 8.
dxe5 Nxe5 9. Nxe5 Bxe5 10. Nf3 Bc7 11. Qa4+ Bd7 12. Bb5 O-O 13. Bxd7 Qxd7
14. Qxd7 Nxd7 15. b4 c4 16. Rd1 Nf6 17. Bd2 Rad8 18. Be1 Rfe8 19. a4 Bb8
20. b5 Ne4 21. a5 Nc5 22. Nd4 Rd6 23. Ra2 Nd3 24. Ne2 Rd7 25. Nc1 Nc5 26.
h3 f5 27. g3 h6 28. Kg2 g5 29. Rad2 Red8 30. f3 Be5 31. Rc2 Bc7 32. Ra2 h5
33. Bf2 g4 34. Ne2 gxf3+ 35. Kxf3 Ne4 36. Be1 Re7 37. Nd4 Rf8 38. h4 Nc5
39. a6 bxa6 40. Nc6 Rd7 41. Rxd5 Rxd5 42. Ne7+ Kf7 43. Nxd5 Be5 44. bxa6
Rd8 45. Nf4 Rd6 46. Ra5 Bxf4 47. Rxc5 Bh6 48. Rc7+ Ke6 49. Rxa7 Rd3 50. Bf2
Rxc3 51. Rh7 Bf8 52. a7 Ra3 53. Rh8 Ke7 54. Be1 Rxa7 55. Rxh5 Ke6 56. Rh8
Bd6 57. Bc3 Rc7 58. h5 Be5 1-0

[Event "American Continental"]
[Site "Buenos Aires ARG"]
[Date "2005.08.08"]
[Round "3"]
[White "Perez Wertheim,R"]
[Black "Ruiz,Pa"]
[Result "0-1"]
[WhiteElo "1999"]
[BlackElo "2189"]
[EventDate "2005.08.06"]

1. d4 d5 2. Nf3 Nf6 3. Bf4 e6 4. e3 Bd6 5. Nbd2 O-O 6. Bd3 c5 7. c3 Nc6 8.
O-O cxd4 9. cxd4 Bxf4 10. exf4 Qb6 11. Nb3 a5 12. a4 Nb4 13. Bb1 Qd6 14.
Ne5 b6 15. Re1 Ba6 16. g4 Nd7 17. g5 f5 18. Nc1 Rac8 19. Ra3 Nxe5 20. fxe5
Qe7 21. f4 Rc6 22. Ree3 Rfc8 23. Rac3 Qb7 24. Rh3 g6 25. Ne2 Bxe2 26. Qxe2
Rc4 27. Qd2 Qd7 28. b3 R4c6 29. Qc1 Qc7 30. Rxc6 Qxc6 31. Qe1 Qc1 32. Re3
Qb2 0-1

[Event "American Continental"]
[Site "Buenos Aires ARG"]
[Date "2005.08.08"]
[Round "3"]
[White "Mayorga,N"]
[Black "Varela,D"]
[Result "1-0"]
[WhiteElo "2188"]
[BlackElo "2113"]
[EventDate "2005.08.06"]

1. e4 e5 2. Nf3 Nc6 3. d4 exd4 4. Nxd4 Nf6 5. Nxc6 bxc6 6. e5 Qe7 7. Qe2
Nd5 8. c4 Ba6 9. g3 f6 10. Bg2 Nb6 11. b3 Qxe5 12. Qxe5+ fxe5 13. Bb2 O-O-O
14. O-O Re8 15. Re1 Bd6 16. Nd2 Bb7 17. Ne4 Bb4 18. Re2 d5 19. a3 Be7 20.
Nd2 Bf6 21. Rae1 e4 22. Bxf6 gxf6 23. f3 e3 24. Rxe3 Rxe3 25. Rxe3 Kd7 26.
c5 Nc8 27. Bh3+ Kd8 28. f4 Ne7 29. Nf3 Bc8 30. Bxc8 Nxc8 31. Re6 Rf8 32.
Rxc6 Kd7 33. Ra6 Re8 34. Kf2 Re6 35. Rxe6 Kxe6 36. Nd4+ Kd7 37. Ke3 Ne7 38.
b4 a6 39. g4 c6 40. h4 Ng6 41. Nf5 Nf8 42. g5 fxg5 43. hxg5 Ne6 44. Nd4
Nxd4 45. Kxd4 Ke6 46. a4 Kf5 47. b5 cxb5 48. axb5 axb5 49. Kxd5 1-0

[Event "American Continental"]
[Site "Buenos Aires ARG"]
[Date "2005.08.08"]
[Round "3"]
[White "Hungaski,R"]
[Black "Borda,A"]
[Result "1-0"]
[WhiteElo "2308"]
[BlackElo "2131"]
[EventDate "2005.08.06"]

1. e4 e5 2. Nf3 Nc6 3. Bb5 Nd4 4. Nxd4 exd4 5. Bc4 Nf6 6. d3 d5 7. exd5
Nxd5 8. O-O Be7 9. Qe2 Be6 10. f4 Qd7 11. Re1 c6 12. Qe4 O-O-O 13. Qxd4 Bf6
14. Qxa7 Nb6 15. Bxe6 fxe6 16. c3 Kc7 17. Be3 Nc8 18. Qa5+ b6 19. Bxb6+
Nxb6 20. Qa7+ Kc8 21. Qxb6 g5 22. fxg5 Bxg5 23. Na3 Rhg8 24. Re4 Qd5 25.
Qa6+ Kc7 26. Qa7+ Kc8 27. Nc4 1-0

[Event "American Continental"]
[Site "Buenos Aires ARG"]
[Date "2005.08.08"]
[Round "3"]
[White "Cerda,G"]
[Black "Fedrizzi,A"]
[Result "1-0"]
[WhiteElo "2237"]
[BlackElo "2119"]
[EventDate "2005.08.06"]

1. e4 c5 2. Nf3 Nc6 3. d4 cxd4 4. Nxd4 Nf6 5. Nc3 e5 6. Ndb5 d6 7. Bg5 a6
8. Na3 b5 9. Bxf6 gxf6 10. Nd5 Bg7 11. Bd3 Ne7 12. Nxe7 Qxe7 13. c4 O-O 14.
O-O f5 15. Qf3 Re8 16. Rfe1 b4 17. Nc2 f4 18. Nxb4 Qg5 19. Be2 Rb8 20. Nd5
Re6 21. b3 Rg6 22. g3 Bg4 23. Qxg4 Qxg4 24. Bxg4 Rxg4 25. Rad1 Kf8 26. Rd3
h5 27. Kg2 Rb7 28. b4 fxg3 29. hxg3 f5 30. c5 dxc5 31. bxc5 Rg6 32. exf5
Rc6 33. f6 Bxf6 34. Nxf6 Rxf6 35. Rxe5 Rbf7 36. Rd2 h4 37. gxh4 Rg7+ 38.
Kf1 Rg4 39. h5 Rc4 40. Rd6 Rxd6 41. cxd6 Rd4 42. Re6 Kf7 43. Re7+ Kf6 44.
Rh7 a5 45. d7 a4 46. a3 Kf5 47. Kg2 Rd3 48. Rg7 Kf6 49. h6 Rd1 50. Kf3 Rd4
51. Ke2 Re4+ 1-0

[Event "American Continental"]
[Site "Buenos Aires ARG"]
[Date "2005.08.08"]
[Round "3"]
[White "Barros,R"]
[Black "Mesias,R"]
[Result "0-1"]
[WhiteElo "2080"]
[BlackElo "2220"]
[EventDate "2005.08.06"]

1. d4 Nf6 2. Nf3 g6 3. c4 Bg7 4. Nc3 O-O 5. e4 d6 6. h3 e5 7. d5 c6 8. Be2
Na6 9. Be3 Nh5 10. Nh2 Nf4 11. Bf3 cxd5 12. cxd5 Qa5 13. g3 Nxh3 14. Ng4 f5
15. Rxh3 fxg4 16. Bxg4 Nc5 17. Kf1 Qb4 18. Bxc8 Raxc8 19. Qc2 Nxe4 20. Qxe4
Qxb2 21. Rc1 Rxc3 22. Rxc3 Qxc3 23. Kg2 Qa5 24. a4 a6 25. Kh2 Qd8 26. Qb4
Qd7 27. Rh4 Bf6 28. Rc4 Bd8 29. Rc1 Rf6 30. Rb1 Rf7 31. Rc1 Kg7 32. a5 h6
33. Qd2 Bg5 34. Bxg5 hxg5 35. Kg2 Qf5 36. Rc3 g4 37. Qb2 Qe4+ 38. Kg1 Qxd5
39. Rb3 Rc7 40. Qb1 Kf6 0-1

[Event "American Continental"]
[Site "Buenos Aires ARG"]
[Date "2005.08.08"]
[Round "3"]
[White "Burijovich,L"]
[Black "Echeguren,G"]
[Result "1-0"]
[WhiteElo "2211"]
[BlackElo "2094"]
[EventDate "2005.08.06"]

1. e4 e5 2. Bc4 Nf6 3. d3 Bc5 4. Nc3 c6 5. Nf3 d6 6. O-O b5 7. Bb3 a5 8. a4
b4 9. Ne2 O-O 10. c3 Na6 11. d4 exd4 12. cxd4 Bb6 13. Ng3 Bg4 14. Be3 d5
15. e5 Ne4 16. Bc2 Nxg3 17. fxg3 Qd7 18. Qd3 g6 19. Qd2 Bd8 20. Bh6 Re8 21.
Ng5 Be6 22. Rf3 Ra7 23. Raf1 Qc8 24. Qf2 Bxg5 25. Bxg5 h5 26. Rf6 Kh7 27.
g4 hxg4 28. Qh4+ Kg8 29. Qh6 Bf5 30. R6xf5 1-0

[Event "American Continental"]
[Site "Buenos Aires ARG"]
[Date "2005.08.08"]
[Round "3"]
[White "Di Benedetto,G"]
[Black "Alaluf,A"]
[Result "1-0"]
[WhiteElo "2205"]
[BlackElo "2091"]
[EventDate "2005.08.06"]

1. c4 Nf6 2. Nc3 b6 3. d4 Bb7 4. Nf3 e6 5. a3 Be7 6. d5 O-O 7. e4 d6 8. Be2
e5 9. O-O Re8 10. Ne1 Bf8 11. Be3 g6 12. b4 Nbd7 13. Nd3 c6 14. Qb3 cxd5
15. cxd5 a6 16. a4 Qe7 17. Rfc1 Rec8 18. f3 Nh5 19. Nd1 f5 20. b5 a5 21.
N1b2 Qd8 22. g3 Nhf6 23. Nf2 Rxc1+ 24. Rxc1 Rc8 25. Rxc8 Qxc8 26. Qc4 Qd8
27. Qc2 fxe4 28. fxe4 Be7 29. Bf1 Nc5 30. Bxc5 dxc5 31. Nc4 Bd6 32. Bh3 Kg7
33. Be6 Ne8 34. Qc3 h5 35. Qf3 Nf6 36. Nd3 Qc7 37. h3 Ba8 38. Kf2 Bb7 39.
g4 hxg4 40. hxg4 Ba8 41. Ke3 Ne8 42. Qg3 Qe7 43. g5 Nc7 44. Nxd6 Nxe6 45.
Qxe5+ Kh7 46. dxe6 1-0

[Event "American Continental"]
[Site "Buenos Aires ARG"]
[Date "2005.08.08"]
[Round "3"]
[White "Herrera,Mart"]
[Black "Leeuw,P"]
[Result "1-0"]
[WhiteElo "2192"]
[BlackElo "2088"]
[EventDate "2005.08.06"]

1. e4 e6 2. d4 d5 3. Nc3 Nf6 4. e5 Nfd7 5. Nce2 c5 6. c3 Nc6 7. f4 Be7 8.
Nf3 f6 9. h4 b6 10. Rh3 Ba6 11. f5 cxd4 12. Nexd4 Nxd4 13. Nxd4 Nc5 14.
Bxa6 Nxa6 15. Qa4+ Qd7 16. Qxa6 exf5 17. e6 Qc7 18. Qb5+ 1-0

[Event "American Continental"]
[Site "Buenos Aires ARG"]
[Date "2005.08.08"]
[Round "3"]
[White "Bermudes,E"]
[Black "Lo Presti,R"]
[Result "0-1"]
[WhiteElo "2190"]
[BlackElo "2068"]
[EventDate "2005.08.06"]

1. g3 Nf6 2. Bg2 e6 3. c4 d5 4. b3 c5 5. Nf3 Nc6 6. O-O Be7 7. Bb2 O-O 8.
cxd5 Nxd5 9. Nc3 Bf6 10. Rc1 Nxc3 11. Bxc3 e5 12. d3 Bg4 13. h3 Be6 14. Kh2
Qd7 15. Qd2 Rac8 16. Qe3 Rfe8 17. Ng5 Bxg5 18. Qxg5 f6 19. Qh4 Nd4 20. Rfe1
Bd5 21. Bxd5+ Qxd5 22. Qe4 Qxe4 23. dxe4 Red8 24. Kg2 Nb5 25. Kf3 Kf7 26.
Ke3 Nxc3 27. Rxc3 Rd4 28. Rec1 b6 29. a3 Rcd8 30. f3 R8d7 31. h4 Ke6 32. h5
Rd2 33. Rd3 R7xd3+ 34. exd3 Rb2 35. Rc3 Kd6 36. g4 b5 37. f4 a5 38. g5 fxg5
39. fxe5+ Ke6 40. a4 b4 41. Rxc5 Rxb3 42. Rxa5 Ra3 43. Ra7 b3 44. Rxg7 g4
45. Rxh7 g3 46. Rh6+ Kd7 47. Rb6 g2 48. Kf2 Ra2+ 49. Kg1 b2 50. e6+ Ke7 51.
Rb7+ Kxe6 52. Rb6+ Kd7 53. h6 Ra1+ 54. Kxg2 b1=Q 55. Rxb1 Rxb1 56. h7 Rb8
57. a5 Rh8 58. a6 Rxh7 59. a7 Rh8 0-1

[Event "American Continental"]
[Site "Buenos Aires ARG"]
[Date "2005.08.08"]
[Round "3"]
[White "Lucena,L"]
[Black "Lida Garcia,F"]
[Result "1-0"]
[WhiteElo "2184"]
[BlackElo "2066"]
[EventDate "2005.08.06"]

1. Nf3 f5 2. g3 Nf6 3. Bg2 d6 4. d4 g6 5. O-O Bg7 6. c4 O-O 7. Nc3 Nc6 8.
d5 Na5 9. Nd2 c5 10. a3 Ng4 11. Qc2 b6 12. b4 cxb4 13. axb4 Nb7 14. Bb2 a5
15. Nb5 Bxb2 16. Qxb2 Bd7 17. Nd4 axb4 18. Ne6 Bxe6 19. Rxa8 Qxa8 20. dxe6
Qb8 21. Ra1 Na5 22. Qxb4 Qc7 23. Rb1 Rc8 24. Bd5 Ne5 25. e3 Nexc4 26. Nxc4
Nxc4 27. Rc1 b5 28. Qxb5 1-0

[Event "American Continental"]
[Site "Buenos Aires ARG"]
[Date "2005.08.08"]
[Round "3"]
[White "Evans,P"]
[Black "Alza,A"]
[Result "0-1"]
[WhiteElo "2058"]
[BlackElo "2167"]
[EventDate "2005.08.06"]

1. e4 c5 2. Nf3 e6 3. b3 Nf6 4. e5 Nd5 5. c4 Ne7 6. Bb2 Nbc6 7. Nc3 Ng6 8.
Ne4 Qc7 9. Be2 Be7 10. O-O O-O 11. Qe1 Ncxe5 12. Nxe5 Nxe5 13. f4 Ng6 14.
f5 exf5 15. Ng3 f4 16. Nf5 d5 17. Nxe7+ Qxe7 18. cxd5 Qd6 19. h4 Re8 20.
Qf2 Bf5 21. h5 Nf8 22. Bb5 Bd7 23. Bxd7 Nxd7 24. Qf3 Rad8 25. Rac1 b6 26.
Rc4 Ne5 27. Qc3 f3 28. Re4 f6 29. h6 Qxd5 30. Rh4 Qxd2 31. Qxd2 Rxd2 32.
Bxe5 Rxg2+ 33. Kh1 Rxe5 34. hxg7 Rxa2 35. Rg4 Rh5+ 36. Kg1 Rg2+ 37. Rxg2
fxg2 38. Rxf6 Kxg7 39. Rf3 Rg5 40. Rd3 h5 41. Rd7+ Kg6 42. Rxa7 h4 43. Re7
h3 44. Re1 Kh5 45. Rc1 Kh4 46. Re1 Rf5 47. Re4+ Kg3 0-1

[Event "American Continental"]
[Site "Buenos Aires ARG"]
[Date "2005.08.09"]
[Round "4"]
[White "Shabalov,A"]
[Black "Garcia,Gild"]
[Result "1-0"]
[WhiteElo "2593"]
[BlackElo "2453"]
[EventDate "2005.08.06"]

1. e4 e5 2. Nf3 Nc6 3. Bb5 a6 4. Ba4 Nf6 5. O-O Nxe4 6. d4 b5 7. Bb3 d5 8.
dxe5 Be6 9. Be3 Bc5 10. Qe2 O-O 11. Rd1 Bxe3 12. Qxe3 Ne7 13. c3 Nf5 14.
Qe2 Nc5 15. Bc2 Nh4 16. Nxh4 Qxh4 17. Rd4 Qh6 18. Nd2 Rae8 19. b4 Nd7 20.
Nf3 g6 21. a4 f6 22. axb5 axb5 23. exf6 Nxf6 24. Qxb5 Nh5 25. Re1 Nf4 26.
Re3 Ra8 27. Qf1 Ra2 28. Bb1 Ra3 29. g3 Bh3 30. Qd1 Ng2 31. Red3 c6 32. Ne5
Re8 33. f4 Ra1 34. c4 g5 35. cxd5 cxd5 36. Qb3 gxf4 37. Rxd5 Rxb1+ 38. Qxb1
Qb6+ 39. Kh1 Ne3 40. Nd7 Bxd7 41. Rxd7 Qc6+ 42. R3d5 Re7 43. b5 Qf6 44.
R5d6 Qg5 45. Qa2+ Kg7 46. Qe6 1-0

[Event "American Continental"]
[Site "Buenos Aires ARG"]
[Date "2005.08.09"]
[Round "4"]
[White "Alonso,S"]
[Black "Spraggett,K"]
[Result "0-1"]
[WhiteElo "2457"]
[BlackElo "2592"]
[EventDate "2005.08.06"]

1. e4 c5 2. Nf3 e6 3. d4 cxd4 4. Nxd4 a6 5. Nc3 d6 6. Bc4 Nc6 7. Bb3 Nf6 8.
Be3 Be7 9. Qe2 O-O 10. O-O-O Qc7 11. g4 Nxd4 12. Rxd4 Nd7 13. h4 Nc5 14.
Bg5 f6 15. Be3 b5 16. Rhd1 Rb8 17. f4 b4 18. Na4 Nxb3+ 19. axb3 Bd7 20. f5
Rfc8 21. Kb1 e5 22. Rc4 Bb5 23. Rxc7 Bxe2 24. Rxc8+ Rxc8 25. Re1 Bxg4 26.
Nb6 Rb8 27. Nd5 Kf7 28. Bd2 a5 29. c3 g6 30. fxg6+ hxg6 31. cxb4 axb4 32.
Kc2 f5 33. Nxe7 Kxe7 34. Bg5+ Ke6 35. Kd3 fxe4+ 36. Kxe4 Rf8 37. Kd3 d5 38.
Bd2 Rf2 39. Kc2 Bf5+ 40. Kd1 e4 0-1

[Event "American Continental"]
[Site "Buenos Aires ARG"]
[Date "2005.08.09"]
[Round "4"]
[White "Gulko,B"]
[Black "Rojas,L"]
[Result "1-0"]
[WhiteElo "2589"]
[BlackElo "2437"]
[EventDate "2005.08.06"]

1. c4 Nf6 2. Nf3 g6 3. Nc3 d5 4. Qa4+ Nc6 5. Nd4 Qd7 6. cxd5 Nxd4 7. Qxd4
Bg7 8. Qc4 Rb8 9. g3 a6 10. a4 O-O 11. Bg2 b5 12. axb5 axb5 13. Qb4 Bb7 14.
Qxb5 Qxb5 15. Nxb5 Bxd5 16. Bxd5 Nxd5 17. Nc3 Nb6 18. d3 c5 19. Ra7 e6 20.
Bf4 Rbc8 21. Rb7 Rc6 22. Kd1 e5 23. Be3 Rd8 24. Kc2 Nc8 25. Rb8 Bf8 26. Ra1
Bd6 27. Rb7 Rb6 28. Rxb6 Nxb6 29. Ra6 Rb8 30. Ne4 Bf8 31. Bxc5 Bxc5 32.
Nxc5 Nd5 33. Rd6 Nb4+ 34. Kb1 Rc8 35. Nd7 Nc6 36. Nb6 1-0

[Event "American Continental"]
[Site "Buenos Aires ARG"]
[Date "2005.08.09"]
[Round "4"]
[White "Fernandez,D USA"]
[Black "Nogueiras,J"]
[Result "0-1"]
[WhiteElo "2406"]
[BlackElo "2541"]
[EventDate "2005.08.06"]

1. e4 e6 2. d3 d5 3. Nd2 Nf6 4. Ngf3 c5 5. g3 Nc6 6. Bg2 g6 7. O-O Bg7 8.
exd5 Nxd5 9. Ne4 b6 10. c4 Nde7 11. Bg5 O-O 12. Nf6+ Kh8 13. Ne5 Nxe5 14.
Bxa8 h6 15. f4 N5c6 16. Qf3 hxg5 17. fxg5 Ne5 18. Qg2 Bxf6 19. gxf6 Nf5 20.
Be4 Qxf6 21. g4 Qh4 22. gxf5 gxf5 23. Kh1 Rg8 0-1

[Event "American Continental"]
[Site "Buenos Aires ARG"]
[Date "2005.08.09"]
[Round "4"]
[White "Bachmann,Ax"]
[Black "Leitao,R"]
[Result "1/2-1/2"]
[WhiteElo "2410"]
[BlackElo "2598"]
[EventDate "2005.08.06"]

1. e4 c5 2. Nf3 e6 3. Nc3 a6 4. d4 cxd4 5. Nxd4 Nc6 6. Be2 d6 7. O-O Nf6 8.
Be3 Be7 9. a4 O-O 10. f4 Qc7 11. Kh1 Re8 12. Bf3 Rb8 13. g4 Nd7 14. Bg2 Bf8
15. g5 b6 16. Qh5 Bb7 17. Rf3 g6 18. Qh4 Bg7 19. Rd1 Nf8 20. Qf2 Ba8 21.
Nxc6 Bxc6 22. Bd4 e5 23. fxe5 Bxe5 24. Bxe5 Rxe5 25. Qd2 Ne6 26. Qxd6 Rxg5
27. Qxc7 Nxc7 28. Rd6 Be8 29. Rfd3 Rc5 30. Rd8 Rxd8 31. Rxd8 Kf8 32. Rb8 b5
33. axb5 axb5 34. Kg1 Ke7 35. Kf2 Bc6 36. Bf1 Rh5 37. Kg3 Rg5+ 38. Kf2 Rh5
39. Kg3 Rg5+ 40. Kf2 1/2-1/2

[Event "American Continental"]
[Site "Buenos Aires ARG"]
[Date "2005.08.09"]
[Round "4"]
[White "Dolezal,C"]
[Black "Kudrin,S"]
[Result "0-1"]
[WhiteElo "2402"]
[BlackElo "2559"]
[EventDate "2005.08.06"]

1. e4 c5 2. g3 g6 3. Bg2 Bg7 4. d3 Nc6 5. c3 d6 6. f4 e5 7. Nf3 Nge7 8. O-O
O-O 9. Na3 exf4 10. gxf4 d5 11. e5 d4 12. c4 Bf5 13. Ng5 Qd7 14. Ne4 b6 15.
Qf3 Nb4 16. h3 Rad8 17. Bd2 f6 18. exf6 Bxf6 19. Bxb4 cxb4 20. Nc2 a5 21.
b3 Bg7 22. Rae1 Kh8 23. a3 bxa3 24. Nxa3 Ng8 25. Nb5 Nf6 26. Nbd6 Bxe4 27.
Nxe4 Nh5 28. Ng5 Nxf4 29. Qg3 Nh5 30. Qh4 Bf6 31. Bd5 Rde8 32. Rxe8 Qxe8
33. Qg4 Bxg5 34. Rxf8+ Qxf8 35. Qxg5 Qf6 36. Qg4 Nf4 37. Be4 Qg5 38. Kf2
Qxg4 39. hxg4 Ne6 40. Ke2 Nc5 0-1

[Event "American Continental"]
[Site "Buenos Aires ARG"]
[Date "2005.08.09"]
[Round "4"]
[White "Labollita,M"]
[Black "Vasquez,R"]
[Result "1-0"]
[WhiteElo "2383"]
[BlackElo "2558"]
[EventDate "2005.08.06"]

1. d4 d5 2. Bg5 f6 3. Bh4 Nh6 4. e3 c6 5. c4 Nf5 6. Bg3 Qb6 7. Qd2 Nxg3 8.
hxg3 Bf5 9. Nc3 e6 10. Nf3 Bb4 11. Nh4 O-O 12. Nxf5 exf5 13. Be2 Na6 14.
cxd5 cxd5 15. Bf3 Rfd8 16. O-O Nc7 17. Qc2 Qe6 18. Qb3 Bxc3 19. Qxc3 Qd6
20. Rfc1 Ne6 21. Qd3 g6 22. Bd1 a6 23. Bb3 Kg7 24. Rc2 Rd7 25. Rac1 Rad8
26. a4 Qb6 27. Ba2 Rd6 28. Qa3 R6d7 29. a5 Qd6 30. Bb3 Kf7 31. Ba4 Re7 32.
Rc3 Qb8 33. R1c2 h5 34. Rc1 Rh8 35. Bb3 Rd7 36. Qa4 Qd6 37. Rc8 Rdd8 38.
Rxd8 Rxd8 39. Ba2 Ke7 40. Rc3 Rd7 41. Rb3 Kf7 42. Rb6 Qe7 43. b4 Kg7 44. b5
Nc7 45. bxa6 bxa6 46. Qc6 Qd8 47. Rb7 Re7 48. Bb3 Rf7 49. Bc2 Qe7 50. Bd3
Qa3 51. Rxc7 Qxd3 52. Rxf7+ Kxf7 53. Qxd5+ Ke7 54. Qc5+ Kf7 55. d5 g5 56.
d6 h4 57. gxh4 f4 58. exf4 Qd1+ 59. Kh2 Qg4 60. Qc7+ Kf8 61. d7 1-0

[Event "American Continental"]
[Site "Buenos Aires ARG"]
[Date "2005.08.09"]
[Round "4"]
[White "Claverie,R"]
[Black "Sunye Neto,J"]
[Result "0-1"]
[WhiteElo "2388"]
[BlackElo "2530"]
[EventDate "2005.08.06"]

1. e4 c5 2. Nf3 e6 3. d3 d5 4. Qe2 Nf6 5. g3 Be7 6. Bg2 Nc6 7. O-O O-O 8.
e5 Nd7 9. c4 a6 10. Rd1 b5 11. h4 h6 12. Nc3 Nb6 13. b3 b4 14. Nb1 Bb7 15.
Bb2 Qc7 16. a4 bxa3 17. Bxa3 Rfd8 18. Nc3 Rab8 19. Rac1 d4 20. Nb1 Nd7 21.
Re1 Na5 22. Nxd4 Bxg2 23. Kxg2 Nxe5 24. Nxe6 Qc6+ 25. f3 Nxf3 26. Qxf3
Qxf3+ 27. Kxf3 fxe6 28. Kg2 Nxb3 29. Rcd1 Nd4 30. Nd2 Nc2 31. Rxe6 Rxd3 32.
Rxe7 Nxa3 33. Kh3 Kh7 34. h5 Nxc4 35. Re2 Rxd2 36. Rexd2 Nxd2 37. Rxd2 c4
38. Rd6 Rc8 39. Rxa6 c3 40. Ra1 c2 41. Rc1 Kg8 42. Kg4 Kf7 43. Kf5 Rc5+ 44.
Kf4 Kf6 45. g4 Rc4+ 46. Ke3 Kg5 47. Kf3 Rc7 0-1

[Event "American Continental"]
[Site "Buenos Aires ARG"]
[Date "2005.08.09"]
[Round "4"]
[White "Arencibia,W"]
[Black "Disconzi da Silva,R"]
[Result "1-0"]
[WhiteElo "2527"]
[BlackElo "2367"]
[EventDate "2005.08.06"]

1. d4 Nf6 2. c4 e6 3. Nf3 d5 4. Nc3 Bb4 5. cxd5 exd5 6. Bg5 Nbd7 7. e3 c5
8. Bd3 Qa5 9. Qc2 c4 10. Bf5 O-O 11. O-O Re8 12. Nd2 g6 13. Bxd7 Nxd7 14.
a3 Bxc3 15. bxc3 Nb6 16. f3 Na4 17. Rac1 f6 18. Bh6 Bd7 19. e4 Re6 20. f4
dxe4 21. f5 gxf5 22. Nxc4 Qb5 23. Qf2 Kh8 24. Ne3 Rb6 25. c4 Qb2 26. Rc2
Qxa3 27. c5 Ra6 28. Qg3 Rg8 29. Qc7 f4 30. Qxf4 Nc3 31. Kh1 Qb3 32. Rfc1
Bb5 33. h3 Ne2 34. Rxe2 Bxe2 35. c6 Qf7 36. d5 bxc6 37. dxc6 Bb5 38. c7 Bd7
39. Nf5 Qe6 40. Rc5 Bc8 41. Qf1 Ra2 42. Nd4 Qa6 43. Qxa6 Rxa6 44. g4 f5 45.
Bf4 h5 46. Nxf5 Bxf5 47. Be5+ Kh7 48. gxf5 Rc8 49. Rd5 Rxc7 50. Bxc7 1-0

[Event "American Continental"]
[Site "Buenos Aires ARG"]
[Date "2005.08.09"]
[Round "4"]
[White "Lawson,E"]
[Black "Rodriguez,And URU"]
[Result "0-1"]
[WhiteElo "2367"]
[BlackElo "2523"]
[EventDate "2005.08.06"]

1. e4 e6 2. d4 d5 3. Nd2 Nf6 4. e5 Nfd7 5. c3 c5 6. Bd3 Nc6 7. Ne2 cxd4 8.
cxd4 f6 9. exf6 Nxf6 10. O-O Bd6 11. Nf3 Qc7 12. Nc3 a6 13. Bg5 O-O 14. Bh4
g6 15. Bg3 Bxg3 16. hxg3 Qg7 17. Qd2 Ng4 18. Bc2 Bd7 19. Na4 Rxf3 20. gxf3
Nxd4 21. Kg2 Nh2 22. Rh1 Nhxf3 23. Qd1 Rf8 24. Bd3 Qf6 25. Nc3 Nh4+ 26.
Rxh4 Qxf2+ 27. Kh1 Qxg3 28. Qg4 Qxd3 29. Qxd4 Qf3+ 30. Kh2 Qf2+ 31. Qxf2
Rxf2+ 32. Kg3 Rxb2 33. Rf1 Rc2 34. Rf3 Bc6 35. Kf4 d4 36. Ne4 Rxa2 37. Ke5
Re2 38. Kxd4 Kg7 39. Rhf4 h5 40. Re3 e5+ 0-1

[Event "American Continental"]
[Site "Buenos Aires ARG"]
[Date "2005.08.09"]
[Round "4"]
[White "Gurevich,D"]
[Black "Bronstein,L"]
[Result "1/2-1/2"]
[WhiteElo "2515"]
[BlackElo "2342"]
[EventDate "2005.08.06"]

1. d4 Nf6 2. c4 e6 3. Nc3 Bb4 4. e3 Nc6 5. Bd3 O-O 6. Nge2 e5 7. d5 Ne7 8.
a3 Bxc3+ 9. Nxc3 d6 10. O-O Nf5 11. Qc2 g6 12. f3 Ng7 13. b4 c6 14. Bd2
cxd5 15. Nxd5 Nxd5 16. cxd5 Bf5 17. e4 Qb6+ 18. Kh1 Rfc8 19. Qb2 Bd7 20. f4
f6 21. fxe5 fxe5 22. Bh6 Bb5 23. Qe2 Bxd3 24. Qxd3 Rf8 25. Be3 Qc7 26. Rac1
Qd7 27. Rxf8+ Rxf8 28. Bxa7 Nh5 29. h3 Nf4 30. Qe3 Qb5 31. Kh2 Ra8 32. Bb6
Qe2 33. Qxe2 Nxe2 34. Rc2 Nd4 35. Rc7 Rxa3 36. Rxb7 Re3 37. Bc7 Rxe4 38.
Bxd6 Re2 39. Bc5 Nf3+ 40. Kg3 Ne1 41. Rb8+ Kg7 42. Bf2 Nc2 43. d6 Rd2 44.
Rb7+ Kf6 45. b5 Rxd6 46. Bc5 Rd3+ 47. Kh2 e4 48. b6 e3 49. Rb8 Rb3 50. Re8
Rb5 51. Bxe3 1/2-1/2

[Event "American Continental"]
[Site "Buenos Aires ARG"]
[Date "2005.08.09"]
[Round "4"]
[White "Moreda,L"]
[Black "Flores,Di"]
[Result "0-1"]
[WhiteElo "2329"]
[BlackElo "2513"]
[EventDate "2005.08.06"]

1. e4 c5 2. c3 d5 3. exd5 Qxd5 4. d4 Nf6 5. Nf3 Bg4 6. Qa4+ Nc6 7. Bc4 Qd7
8. dxc5 Bxf3 9. gxf3 e6 10. b4 Be7 11. Be3 O-O 12. Nd2 a5 13. b5 Ne5 14.
O-O-O Qc7 15. b6 Qc8 16. Bd4 Nfd7 17. Bb5 Bxc5 18. Rhg1 f6 19. Ne4 Nxb6 20.
Nxf6+ Rxf6 21. Bxe5 Nxa4 22. Bxf6 Bf8 23. Bxa4 Qc4 24. Rg4 Qe2 25. Rxg7+
Bxg7 26. Rg1 Kf7 0-1

[Event "American Continental"]
[Site "Buenos Aires ARG"]
[Date "2005.08.09"]
[Round "4"]
[White "Zugic,I"]
[Black "Quiroga,F"]
[Result "1-0"]
[WhiteElo "2474"]
[BlackElo "2321"]
[EventDate "2005.08.06"]

1. d4 Nf6 2. c4 g6 3. Nc3 Bg7 4. e4 O-O 5. Nf3 d6 6. Be2 e5 7. d5 a5 8. Be3
Na6 9. Nd2 Nc5 10. O-O Ne8 11. f3 Bf6 12. Nb3 Bg5 13. Qd2 h6 14. f4 exf4
15. Bxf4 Nd7 16. Nd4 Ne5 17. Rae1 Ng7 18. Nf3 Nxf3+ 19. Rxf3 Nh5 20. Bxg5
hxg5 21. Re3 Nf4 22. e5 dxe5 23. Rxe5 Bf5 24. Bf1 Nh5 25. Qd4 g4 26. Bd3
Bxd3 27. Qxd3 Qf6 28. Qe3 Qf4 29. Qxf4 Nxf4 30. Re7 Nd3 31. R1e2 Rac8 32.
b3 Rfd8 33. Ne4 Nf4 34. Rf2 Kf8 35. d6 Rxd6 36. Nxd6 cxd6 37. Rxb7 g5 38.
Kf1 Re8 39. g3 Nd3 40. Rfxf7+ Kg8 1-0

[Event "American Continental"]
[Site "Buenos Aires ARG"]
[Date "2005.08.09"]
[Round "4"]
[White "Mareco,S"]
[Black "Mosquera,M"]
[Result "1/2-1/2"]
[WhiteElo "2187"]
[BlackElo "2442"]
[EventDate "2005.08.06"]

1. e4 c5 2. Nf3 d6 3. d4 cxd4 4. Nxd4 Nf6 5. Nc3 a6 6. Be2 e5 7. Nb3 Be7 8.
Bg5 Be6 9. Bxf6 Bxf6 10. Qd3 O-O 11. O-O-O Be7 12. Nd5 Bxd5 13. Qxd5 Nc6
14. Kb1 Qb6 15. Rhf1 a5 16. a4 Nb4 17. Qb5 Qc7 18. c3 Nc6 19. g3 1/2-1/2

[Event "American Continental"]
[Site "Buenos Aires ARG"]
[Date "2005.08.09"]
[Round "4"]
[White "Leon Hoyos,M"]
[Black "Hobaica,J"]
[Result "1-0"]
[WhiteElo "2431"]
[BlackElo "2317"]
[EventDate "2005.08.06"]

1. e4 c5 2. Nf3 e6 3. d4 cxd4 4. Nxd4 a6 5. Bd3 Qc7 6. O-O Nf6 7. Qe2 d6 8.
c4 Nbd7 9. f4 Be7 10. Nc3 O-O 11. Kh1 Re8 12. Bd2 g6 13. Nf3 Bf8 14. Rae1
b6 15. e5 Nh5 16. Ng5 Ng7 17. Nce4 Bb7 18. Bc3 Bc6 19. Qf2 h6 20. exd6 Qb8
21. Nf3 f5 22. Ne5 Nxe5 23. Nf6+ Kf7 24. fxe5 Rd8 25. Qh4 Qb7 26. Rf2 Ne8
27. Nxe8 Kxe8 28. Bd4 Rab8 29. b4 Rdc8 30. c5 b5 31. Kg1 Qf7 32. a4 Ra8 33.
Qg3 Rcb8 34. Be4 Bxe4 35. Rxe4 bxa4 36. c6 Rxb4 37. Qc3 a5 38. d7+ Kd8 39.
Bb6+ Rxb6 40. c7+ Kxd7 41. Rd4+ Bd6 42. Rfd2 Qe8 43. Rxd6+ Rxd6 44. Rxd6+
Ke7 45. Qc5 Kf7 46. Qd4 Ke7 47. Qh4+ Kf7 48. Qf6+ Kg8 49. Rd8 1-0

[Event "American Continental"]
[Site "Buenos Aires ARG"]
[Date "2005.08.09"]
[Round "4"]
[White "Zambrana,O"]
[Black "Saladen,R"]
[Result "1-0"]
[WhiteElo "2421"]
[BlackElo "2229"]
[EventDate "2005.08.06"]

1. e4 c5 2. Nf3 d6 3. d4 cxd4 4. Nxd4 Nf6 5. Nc3 Nc6 6. Bg5 e6 7. Qd2 a6 8.
O-O-O Bd7 9. f3 h6 10. Be3 b5 11. Kb1 Ne5 12. Bd3 b4 13. Nce2 d5 14. Bf4
dxe4 15. Bxe5 exd3 16. Qxd3 Be7 17. Nf4 Ra7 18. g4 O-O 19. h4 Qa5 20. Qe3
Qc5 21. g5 hxg5 22. hxg5 Nh7 23. Rxh7 Kxh7 24. Rh1+ Kg8 25. Qe4 f5 26. gxf6
Bxf6 27. Qh7+ Kf7 28. Bxf6 Kxf6 29. Ndxe6 Bxe6 30. Qg6+ Ke7 31. Nxe6 Qf5
32. Nxf8 Qxf8 33. Qb6 Rd7 34. Re1+ 1-0